banner-ar

GOD'S GREATED SPEECH: A STUDY IN THE SPECULATIVE THEOLOGY OF THE MUTAZILI QADI AL-QUDAT ABU L-HASAN ABD AL-JABBAR BIN AHMAD AL HAMADANI / (Record no. 14992)

MARC details
000 -الفاتح
حقل البيانات ثابتة الطول 00592nam a2200193Ia 4500
008 - عناصر البيانات ثابتة الطول - معلومات عامة
حقل البيانات ثابتة الطول 140319s9999 xx 000 0 eng d
040 ## - مصدر الفهرسة
وكالة الفهرسة الأصلية GCL /
وكالة النسخ GCL
082 04 - رقم تصنيف ديوى العشرى
رقم التصنيف 297.204
رقم المادة P G
100 1# - المدخل الرئيسى - إسم شخصى
الإسم الشخصى PETERS, J.R.T.M
245 10 - بيان العنوان
العنوان GOD'S GREATED SPEECH: A STUDY IN THE SPECULATIVE THEOLOGY OF THE MUTAZILI QADI AL-QUDAT ABU L-HASAN ABD AL-JABBAR BIN AHMAD AL HAMADANI /
بيان المسئوليه,etc PETERS, J.R.T.M
260 ## - PUBLICATION, DISTRIBUTION, ETC. (IMPRINT)
تاريخ النشر أو التوزيع 1976
300 ## - الوصف المادى
التعداد 447 P
650 04 - المدخل الاضافى بالموضوع-مصطلح موضوعى
مصطلح موضوعي THEOLOGY
650 04 - المدخل الاضافى بالموضوع-مصطلح موضوعى
مصطلح موضوعي ISLAMIC DOCTRINAL THEOLOGY
650 04 - المدخل الاضافى بالموضوع-مصطلح موضوعى
مصطلح موضوعي MUTAZILI
650 04 - المدخل الاضافى بالموضوع-مصطلح موضوعى
مصطلح موضوعي GOD
942 ## - عناصر المدخل الإضافي( كوها)
مصدر التصنيف او مخطط الترفيف Dewey Decimal Classification
Koha [default] item type كتاب
260 ## - PUBLICATION, DISTRIBUTION, ETC. (IMPRINT)
-- [S.N] :
-- E. J. BRILL ،
Holdings
حالة التراجع حالة الفقد حالة تلف ليس للاعارة المكان المؤقت الموقع الحالى تاريخ الاكتساب اجمالي اﻻعارات رقم الطلب الباركود تاريخ اخر مشاهدة تاريخ تفعيل السعر نوع وعاء كوها
        مكتبة القاهرة الكبرى مكتبة القاهرة الكبرى 03/26/2014   297.204\P G 27993 03/26/2014 03/26/2014 كتاب

Powered By

EGPV